Т.7: Надежность оборудования и технологических схем химических и нефтехимических производств; Процессы и аппараты химической технологии

Podrobná bibliografie
Parent link:Процессы и аппараты химической технологии/ Академия наук СССР (АН СССР) ; Всесоюзный институт научной и технической информации. Т.7: Надежность оборудования и технологических схем химических и нефтехимических производств.— , 1973
Hlavní autor: Кафаров В. В. Виктор Вячеславович
Další autoři: Мешалкин В. П. Валерий Павлович
Jazyk:ruština
Vydáno: 1979
Témata:
Médium: MixedMaterials Kniha
KOHA link:https://koha.lib.tpu.ru/cgi-bin/koha/opac-detail.pl?biblionumber=119977

MARC

LEADER 00000nam2a2200000 4500
001 119977
005 20231031124822.0
035 |a (RuTPU)RU\TPU\book\129897 
090 |a 119977 
100 |a 20070815d1979 km y0rusy50 ca 
101 0 |a rus 
102 |a RU 
105 |a a z 001zy 
200 0 |a Т.7: Надежность оборудования и технологических схем химических и нефтехимических производств  |f В. В. Кафаров, В. П. Мешалкин 
210 |d 1979 
215 |a 130 с.  |c ил. 
320 |a Библиогр.: с.125-129. 
461 1 |0 (RuTPU)RU\TPU\book\141704  |t Процессы и аппараты химической технологии  |f Академия наук СССР (АН СССР) ; Всесоюзный институт научной и технической информации  |v Т.7: Надежность оборудования и технологических схем химических и нефтехимических производств  |d 1973  |s Процессы и аппараты химической технологии 
610 1 |a химическая технология 
610 1 |a процессы 
610 1 |a аппараты 
610 1 |a оборудование 
610 1 |a надежность 
610 1 |a схемы 
610 1 |a химические производства 
610 1 |a нефтехимические производства 
675 |a 66.02  |v 3 
700 1 |a Кафаров  |b В. В.  |g Виктор Вячеславович 
701 1 |a Мешалкин  |b В. П.  |g Валерий Павлович 
801 1 |a RU  |b 63413507  |c 20070815  |g PSBO 
801 2 |a RU  |b 63413507  |c 20080811  |g PSBO 
942 |c BK